Les cimetières du monde de Pokémon - Statistiques

Statistiques générales
  • Ce quiz a été pris 8 fois
  • Le résultat moyen est 3 sur 6
Statistiques - réponses
Région Cimetière % Correct
Hoenn Mont Mémoria
100%
Kanto Tour Pokémon
100%
Alola Cimetière d'Ekaeka
29%
Galar Cimetière Ancien
14%
Unys Tour des Cieux
14%
Sinnoh Tour Perdue
14%
Aucun quiz correspondant
Distribution des résultats
% des personnes avec chaque résultat
Percentile par nombre de réponses
Votre historique - résultats
Vous n’avez pas pris ce quiz